La evolución / (Record no. 160129)

MARC details
000 -LEADER
campo de control de longitud fija 00725nam a2200205 i 4500
001 - NÚMERO DE CONTROL
campo de control 160129
003 - IDENTIFICADOR DE NÚMERO DE CONTROL
campo de control ES-MaACL
005 - FECHA Y HORA DE LA ÚLTIMA TRANSACCIÓN
campo de control 20230906211938.0
008 - DATOS DE LONGITUD FIJA--INFORMACIÓN GENERAL
campo de control de longitud fija 970902s1881 sp |||| | spa d
040 ## - FUENTE DE CATALOGACIÓN
Centro catalogador/agencia de origen CARM
Lengua de catalogación spa
Centro/agencia transcriptor CCPB | SIC
100 1# - ENTRADA PRINCIPAL--NOMBRE DE PERSONA
Nombre de persona Morales Diaz, Gustavo.
9 (RLIN) 130135
245 13 - MENCIÓN DEL TÍTULO
Título La evolución /
Mención de responsabilidad, etc. Gustavo Morales Diaz.
260 ## - PUBLICACIÓN, DISTRIBUCIÓN, ETC.
Lugar de publicación, distribución, etc. Madrid :
Nombre del editor, distribuidor, etc. Libreria Universal,
Fecha de publicación, distribución, etc. 1881 (
Fabricante Imp. de la Biblioteca del Pueblo)
300 ## - DESCRIPCIÓN FÍSICA
Extensión 72 p. ;
Dimensiones 17 cm.
490 1# - MENCIÓN DE SERIE
Mención de serie Biblioteca del pueblo ;
Designación de volumen o secuencia 9
650 #4 - PUNTO DE ACCESO ADICIONAL DE MATERIA--TÉRMINO DE MATERIA
Término de materia o nombre geográfico como elemento de entrada Evolución.
9 (RLIN) 12625
830 0# - PUNTO DE ACCESO ADICIONAL DE SERIE-TÍTULO UNIFORME
Título uniforme Biblioteca del pueblo ;
Designación de volumen o secuencia 9
9 (RLIN) 187680
852 ## - LOCALIZACIÓN
Ubicación ES-MaACL
Número de control de estantería T-402-F-10 -- Enc. hol.
Nota libre -- Dedicatoria ms. del socio José Rodriguez al Ateneo de Madrid
Holdings
Estatus retirado Estado de pérdida Estado de daño No para préstamo Colección Biblioteca de origen Biblioteca actual Ubicación en estantería Fecha de adquisición Total de préstamos Signatura topográfica completa Código de barras Visto por última vez Precio de reemplazo Tipo de ítem Koha
        Colección de folletos Biblioteca del Ateneo de Madrid Biblioteca del Ateneo de Madrid Depósito folletos 17/01/2008   T-402-F-10 1167647 23/02/2023 23/02/2023 Folleto